[Event "BUL-ch"]
[Site "BUL"]
[Date "1994.??.??"]
[Round "10"]
[White "Delchev, Aleksander"]
[Black "Todorov, Ognjan"]
[Result "1-0"]
[WhiteElo "2480"]
[BlackElo "2400"]

1.d4 Nf6 2.c4 c6 3.Nc3 d5 4.Nf3 a6 5.cxd5 cxd5 6.Bf4 Nc6 7.Ne5 Qb6 8.Nxc6 bxc6
9.a3 e6 10.Na4 Qd8 11.e3 Nd7 12.Rc1 Bb7 13.Bd3 Be7 14.O-O a5 15.e4 O-O 16.exd5 exd5
17.Re1 Re8 18.Qb3 Ra7 19.Bf5 Nf8 20.Qb6 Qa8 21.Bd6 Ra6 22.Qc7 Bxd6 23.Qxd6 Rd8
24.Qc7 Qb8 25.Re7 Qxc7 26.Rxc7 Ba8 27.Bd3 Ne6 28.Re7  1-0

[Event "Cannes op"]
[Site "Cannes"]
[Date "1994.??.??"]
[Round "7"]
[White "Sellos, Didier"]
[Black "Ribreau, Herve"]
[Result "1-0"]
[WhiteElo "2420"]
[BlackElo "2180"]

1.Nf3 Nf6 2.d4 d5 3.c4 c6 4.Nc3 a6 5.e3 b5 6.cxd5 cxd5 7.a4 b4 8.Na2 a5 9.Bb5+ Nbd7
10.Bd2 Ba6 11.Bxa6 Rxa6 12.O-O e6 13.Qe2 Qa8 14.Nc1 Bd6 15.Nb3 O-O 16.Rfc1 Rb8
17.Ne1 e5 18.dxe5 Nxe5 19.Nd4 Re8 20.b3 Ne4 21.Rc2 Bf8 22.Rac1 Rh6 23.Nef3 Bd6
24.h3 g5 25.Be1 Nxf3+ 26.Qxf3 Rf6 27.Qg4 Qa6 28.f3 Qd3 29.Re2 Bf4 30.exf4 Qxd4+
31.Bf2 Nxf2 32.Rxe8+ Kg7 33.Qxg5+ Rg6 34.Qe5+ Qxe5 35.fxe5 Nxh3+ 36.Kf1 Nf4
37.Rcc8 Nxg2 38.Rg8+  1-0

[Event "Capablanca mem-A"]
[Site "?"]
[Date "1994.??.??"]
[Round "8"]
[White "Armas, Jorge"]
[Black "Hoffman, Alejandro"]
[Result "0-1"]
[WhiteElo "2450"]
[BlackElo "2540"]

1.d4 d5 2.c4 c6 3.Nc3 Nf6 4.Nf3 a6 5.c5 g6 6.Bf4 Bg7 7.e3 O-O 8.Be2 Nbd7
9.Ne5 Nxe5 10.Bxe5 Nd7 11.Bxg7 Kxg7 12.O-O Qc7 13.Qa4 Nf6 14.Rad1 Bd7 15.b4 e5
16.dxe5 Qxe5 17.Rd4 Rae8 18.Qd1 h5 19.h3 Rh8 20.Re1 g5 21.Bf1 h4 22.Be2 Bf5
23.Bf3 Bg6 24.Re2 Re6 25.Qd2 Rhe8 26.Re1 Ng8 27.Bd1 f5 28.Rf1 Nf6 29.a4 Nd7
30.Ne2 Qf6 31.Qc3 R8e7 32.Rd2 Qxc3 33.Nxc3 a5 34.bxa5 Nxc5 35.Ne2 Rf6 36.Nd4 f4
37.exf4 Rxf4 38.Nf3  0-1

[Event "Cappelle op"]
[Site "Cappelle la Grande"]
[Date "1994.??.??"]
[Round "3"]
[White "Jasnikowski, Zbigniew"]
[Black "Voiska, Margarita"]
[Result "1/2-1/2"]
[WhiteElo "2475"]
[BlackElo "2325"]

1.d4 d5 2.c4 c6 3.Nf3 Nf6 4.Nc3 a6 5.cxd5 cxd5 6.Bf4 Nc6 7.e3 Nh5 8.Be5 e6
9.Bd3 Nf6 10.Bg3 Be7 11.Ne5 Nxe5 12.Bxe5 b5 13.O-O O-O 14.a4 b4 15.Nb1 a5
16.Nd2 Ba6 17.Bxa6 Rxa6 18.Rc1 Bd6 19.Nb3 Bxe5 20.dxe5 Nd7 21.Qd4 Ra8 22.Rc6 Qb8
23.f4 Qb7 24.Rfc1 Rfc8 25.Rxc8+ Rxc8 26.Rxc8+ Qxc8 27.Qa7 h5 28.h3 Qc2 29.Qxd7 Qxb3
30.Qe8+ Kh7 31.Qxf7 Qxe3+ 32.Kh2 d4 33.Qxh5+ Kg8 34.Qe8+ Kh7  1/2-1/2

[Event "Cappelle op"]
[Site "Cappelle la Grande"]
[Date "1994.??.??"]
[Round "4"]
[White "Savchenko, Stanislav"]
[Black "Levitt, Jonathan"]
[Result "1/2-1/2"]
[WhiteElo "2540"]
[BlackElo "2445"]

1.d4 d5 2.c4 c6 3.Nf3 Nf6 4.Nc3 a6 5.a4 e6 6.g3 dxc4 7.Ne5 Nd5 8.Bg2 Bb4
9.Bd2 Bxc3 10.Bxc3 b5 11.axb5 cxb5 12.Ba5 Qe7 13.O-O O-O 14.e4 Nf6 15.Qd2 Re8
16.b3 Bb7 17.Bb4 Qd8 18.Ba5 Qe7 19.Bb4 Qd8 20.Ba5  1/2-1/2

[Event "Cappelle op"]
[Site "Cappelle la Grande"]
[Date "1994.??.??"]
[Round "9"]
[White "Ghitescu, Theodor"]
[Black "Voiska, Margarita"]
[Result "1/2-1/2"]
[WhiteElo "2410"]
[BlackElo "2325"]

1.d4 d5 2.c4 c6 3.Nf3 Nf6 4.Nc3 a6 5.c5 g6 6.Bf4 Bg7 7.h3 Ne4 8.Rc1 Nd7 9.e3 Nxc3
10.Rxc3 O-O 11.Be2 b5 12.cxb6 Qxb6 13.Qb3 Qxb3 14.axb3 c5 15.O-O Bb7 16.Rc2 Rfc8
17.Rfc1 cxd4 18.exd4 Rxc2 19.Rxc2 Nf8 20.b4  1/2-1/2

[Event "Cappelle op"]
[Site "Cappelle la Grande"]
[Date "1994.??.??"]
[Round "9"]
[White "Sakaev, Konstantin"]
[Black "Levitt, Jonathan"]
[Result "1-0"]
[WhiteElo "2555"]
[BlackElo "2445"]

1.d4 d5 2.Nf3 Nf6 3.c4 c6 4.Nc3 a6 5.e3 Bg4 6.Qb3 Bc8 7.Bd3 e6 8.O-O Nbd7
9.a4 Be7 10.a5 O-O 11.Rd1 Re8 12.Bd2 Bd6 13.e4 dxe4 14.Nxe4 Nxe4 15.Bxe4 Qc7
16.Bc2 c5 17.Qd3 Nf8 18.Bc3 Bd7 19.dxc5 Bxc5 20.Ne5 Red8 21.Nxd7 Rxd7 22.Qg3 Qxg3
23.hxg3 Rad8 24.Rxd7 Rxd7 25.Rd1 Be7 26.Rxd7 Nxd7 27.Be4 Nc5 28.Bf3 f6 29.b4 Nd3
30.c5  1-0

[Event "Ceske Budejovice op"]
[Site "Ceske Budejovice"]
[Date "1994.??.??"]
[Round "4"]
[White "Meister, Yakov"]
[Black "Rogozenko, Dorin"]
[Result "1-0"]
[WhiteElo "2440"]
[BlackElo "2405"]

1.d4 d5 2.c4 c6 3.Nc3 Nf6 4.Nf3 a6 5.Qb3 e6 6.g3 dxc4 7.Qxc4 b5 8.Qd3 c5
9.Bg2 Bb7 10.O-O Nbd7 11.Bg5 h6 12.Bxf6 Nxf6 13.Rfd1 c4 14.Qc2 Qc7 15.a3 Be7
16.e4 O-O 17.d5 exd5 18.e5 Nd7 19.Nxd5 Bxd5 20.Rxd5 Rad8 21.Qf5 Nb6 22.Rxd8 Rxd8
23.e6 Bf6 24.Re1 Bxb2 25.Nh4 Qe7 26.Be4 g6 27.exf7+ Qxf7 28.Qg4 Bd4 29.Nf5 h5
30.Nh6+ Kg7 31.Nxf7  1-0

[Event "Ceske Budejovice op"]
[Site "Ceske Budejovice"]
[Date "1994.??.??"]
[Round "6"]
[White "Haba, Petr"]
[Black "Tolstikh, Nikolay"]
[Result "1/2-1/2"]
[WhiteElo "2505"]
[BlackElo "2400"]

1.d4 d5 2.c4 c6 3.Nf3 Nf6 4.Nc3 a6 5.cxd5 cxd5 6.Bf4 Nc6 7.e3 Bg4 8.h3 Bxf3
9.Qxf3 e6 10.Bd3 Bd6 11.Bxd6 Qxd6 12.O-O O-O 13.Rfc1 Rac8 14.Qd1 Nd7 15.Na4 Ne7
16.Qb3 b5 17.Nc3 Nc6 18.a4 Na5 19.Qd1 b4 20.Na2 b3 21.Rxc8 Rxc8 22.Nc1 Rb8
23.Ra3 Qb6 24.Qf1 Ra8 25.Qd1 Rb8 26.Qf1 Ra8 27.Qd1 Rb8  1/2-1/2

[Event "Clichy"]
[Site "Clichy"]
[Date "1994.??.??"]
[Round "4"]
[White "Elbilia, Jacques"]
[Black "Lukasiewicz, Grzegorz"]
[Result "1-0"]
[WhiteElo "2315"]
[BlackElo "2375"]

1.d4 d5 2.c4 c6 3.Nf3 Nf6 4.Nc3 a6 5.g3 dxc4 6.Bg2 c5 7.dxc5 Qxd1+ 8.Nxd1 e6
9.Ne5 Bxc5 10.Nxc4 Nc6 11.O-O Ke7 12.Nc3 Bd7 13.Na4 Bd4 14.e3 Ba7 15.Nab6 Bxb6
16.Nxb6 Rad8 17.b3 Bc8 18.Ba3+ Ke8 19.Nc4 Rd7 20.Nb6 Rd8 21.Rfd1 Nd5 22.Nxd5 exd5
23.Bxd5 Bg4 24.f3 Be6 25.e4 Rd7 26.Bb2 Rg8 27.Bxe6 fxe6 28.Rxd7 Kxd7 29.Rd1+ Kc7
30.Kf2 g6 31.Ke3 a5 32.a3 Rf8 33.h4 b5 34.g4 b4 35.a4 Rf7 36.Rd2 Rf8 37.f4 Rf7
38.h5 gxh5 39.gxh5 Re7 40.Rg2 Rf7 41.Rg8 Kd6 42.h6 e5 43.fxe5+ Nxe5 44.Bxe5+ Kxe5
45.Rg5+ Ke6 46.Rxa5 Rc7 47.Kd4 Rc3 48.Ra7 Rxb3 49.Rxh7 Rh3 50.Rb7 b3 51.a5 Kf6
52.a6  1-0

[Event "Copenhagen op16"]
[Site "Copenhagen"]
[Date "1994.??.??"]
[Round "8"]
[White "Fries Nielsen, Jens Ove"]
[Black "Schandorff, Lars"]
[Result "1/2-1/2"]
[WhiteElo "2395"]
[BlackElo "2430"]

1.d4 Nf6 2.Nf3 d5 3.c4 c6 4.Nc3 a6 5.c5 Nbd7 6.Bf4 g6 7.h3 Bg7 8.e3 O-O 9.Bd3 b6
10.cxb6 Qxb6 11.Qd2 c5 12.O-O Qa7 13.Bc2 Bb7 14.Ne5 Rfd8 15.Bb3 Nf8 16.Rad1 Ne6
17.Bh2 Rac8 18.Kh1  1/2-1/2

[Event "CZE-chT"]
[Site "?"]
[Date "1994.??.??"]
[Round "?"]
[White "Smejkal, Jan"]
[Black "Keitlinghaus, Ludger"]
[Result "1/2-1/2"]
[WhiteElo "2520"]
[BlackElo "2510"]

1.Nf3 d5 2.d4 c6 3.c4 Nf6 4.Nc3 a6 5.e3 b5 6.b3 Bg4 7.Be2 e6 8.O-O Nbd7 9.h3 Bh5
10.Bb2 Qb8 11.c5 a5 12.a3 Be7 13.b4 a4 14.Ne5 Bxe2 15.Nxe2 Qc7 16.Qc2 O-O
17.Ng3 Nxe5 18.dxe5 Nd7 19.f4 f6 20.exf6 Bxf6 21.Ne2 Bxb2 22.Qxb2 e5 23.f5 Nf6
24.Nc3 g5 25.Rae1 Rad8 26.e4 d4 27.Nd1 h6 28.Nf2 Kh7 29.Qe2 Rde8 30.Rd1 Qf7
31.g4 Rh8 32.Kg2 h5 33.Rd3 h4  1/2-1/2

[Event "Dresden (Women)"]
[Site "Dresden"]
[Date "1994.??.??"]
[Round "?"]
[White "Grabuzova, Tatiana"]
[Black "Fischdick, Gisela"]
[Result "1/2-1/2"]
[WhiteElo "2320"]
[BlackElo "2280"]

1.d4 d5 2.c4 c6 3.Nf3 Nf6 4.Nc3 a6 5.e3 b5 6.b3 Bg4 7.Be2 e6 8.Ne5 Bxe2 9.Qxe2 Bb4
10.Bd2 O-O 11.O-O Qe7 12.Nd3 a5 13.cxb5 Bxc3 14.Bxc3 cxb5 15.a4 b4 16.Bb2 Nbd7
17.Rac1 Rfc8 18.Rc2 Qd8 19.Rfc1 h6 20.Ne5 Nxe5 21.dxe5 Nd7 22.Bd4 Nf8 23.Rc6 Ng6
24.Qa6 Ne7 25.Rxc8 Rxc8 26.Rxc8 Qxc8 27.Qxc8+ Nxc8 28.Bc5 f6 29.f4 f5 30.h3 Kf7
31.g4 g6 32.gxf5 gxf5 33.Kf2 Kg6 34.Kg3 Kh5 35.Kg2 Kg6 36.Kg3 Kh5 37.Kg2 Kg6
38.Kg3  1/2-1/2

[Event "Dresden (Women)"]
[Site "Dresden"]
[Date "1994.??.??"]
[Round "?"]
[White "Voiska, Margarita"]
[Black "Fischdick, Gisela"]
[Result "1/2-1/2"]
[WhiteElo "2325"]
[BlackElo "2280"]

1.d4 d5 2.c4 c6 3.Nf3 Nf6 4.Nc3 a6 5.e3 b5 6.cxd5 cxd5 7.Ne5 e6 8.Bd3 Bd6
9.f4 Bb7 10.O-O Nbd7 11.Bd2 O-O 12.Be1 Ne4 13.g4 f6 14.Nf3 b4 15.Na4 Bc6
16.Rc1 Bb5 17.b3 Qe7 18.Qe2 Rfb8 19.Bd2 Qe8 20.Nb2 Qg6 21.Nh4 Qh6 22.Nf3 g5
23.Rc2 Qh3 24.Qg2 Qxg2+ 25.Kxg2 gxf4 26.exf4 Rc8 27.Rxc8+ Rxc8 28.Bxb5 axb5
29.Rc1 Ra8 30.Ra1 Nxd2 31.Nxd2 Bxf4 32.Nf3 Rc8 33.Nd3 Rc2+ 34.Kf1 Bd6 35.Re1 Kf7
36.g5 Rxa2 37.h4 Bg3 38.Rc1 Ra3 39.gxf6 Kxf6 40.Rb1 Bd6 41.Ke2 Kf5 42.Rf1 Kg6
43.Rg1+ Kf6 44.Rf1 Ke7 45.Rg1 Nf6 46.Nfe5 Bxe5 47.dxe5 Ne4 48.Rg7+ Kf8 49.Rc7 Rxb3
50.Nf4 Rg3 51.Nxe6+ Kg8 52.Rc8+ Kf7 53.Nf4 b3 54.e6+ Kf6 55.Rf8+ Ke7 56.Rf7+ Ke8
57.Nxd5 Nc3+ 58.Nxc3 Rxc3 59.Rf5 Ke7 60.Rxb5 Kxe6 61.Kd2 Rh3 62.Rh5 b2 63.Kc2 Rb3
64.Kb1 Rb7 65.Rc5 Kf6 66.h5 Rb6 67.Rd5 Kg7 68.Rd7+ Kh6 69.Rd5 Rb4 70.Rc5 Rh4
71.Kxb2 Rxh5 72.Rc6+ Kg7  1/2-1/2

[Event "Dresden (Women)"]
[Site "Dresden"]
[Date "1994.??.??"]
[Round "?"]
[White "Heinatz, Gundula"]
[Black "Fischdick, Gisela"]
[Result "1/2-1/2"]
[WhiteElo "2235"]
[BlackElo "2280"]

1.d4 d5 2.Nf3 c6 3.c4 Nf6 4.Nc3 a6 5.e3 b5 6.cxb5 cxb5 7.Bd3 e6 8.O-O Bb7
9.Nb1 Nbd7 10.Nbd2 Bd6 11.Nb3 O-O 12.Bd2 Qb6 13.Ba5 Qa7 14.Rc1 Rfc8 15.Qe2 Rab8
16.a3 Ne4 17.Nfd2 f5 18.f3 Nxd2 19.Qxd2 g6 20.f4 Kf7 21.Bb4 Qb6 22.Ba5 Qa7
23.Bb4  1/2-1/2

[Event "Eger op"]
[Site "Eger"]
[Date "1994.??.??"]
[Round "6"]
[White "Kaiser, Dieter"]
[Black "Cruz Lopez Claret, Carlos"]
[Result "1/2-1/2"]
[WhiteElo "2260"]
[BlackElo "2315"]

1.d4 d5 2.Nf3 Nf6 3.c4 c6 4.Nc3 a6 5.e3 b5 6.cxb5 cxb5 7.Bd3 Bb7 8.O-O e6
9.Ne5 Bd6 10.f4 Nbd7 11.Bd2 O-O 12.Be1 Ne4 13.Qf3 f5 14.Ne2 Rc8 15.Kh1 Ndf6
16.Rg1 b4 17.h3 Rc7 18.Bh4 Ng4 19.Be1 Ngf6 20.Bh4  1/2-1/2

[Event "Elenite"]
[Site "Elenite"]
[Date "1994.??.??"]
[Round "2"]
[White "Azmaiparashvili, Zurab"]
[Black "Epishin, Vladimir"]
[Result "0-1"]
[WhiteElo "2625"]
[BlackElo "2650"]

1.d4 Nf6 2.Nf3 d5 3.c4 c6 4.Nc3 a6 5.a4 e6 6.a5 c5 7.cxd5 Nxd5 8.Ne5 Nc6
9.Nxc6 bxc6 10.e3 cxd4 11.Qxd4 c5 12.Qd1 Be7 13.e4 Nb4 14.Bd2 O-O 15.Be2 Ra7
16.Be3 Rd7 17.Qb1 Nc6 18.Qa2 Nd4 19.Bd1 Rb7 20.O-O Bd7 21.f3 Rb4 22.Rf2 Qc7
23.Qb1 Rfb8 24.Qc1 Qa7 25.Bf4 Ra8 26.Na4 Bxa4 27.Bxa4 c4 28.Kh1 h6 29.Rd2 Bg5
30.Bxg5 hxg5 31.Qc3 e5 32.Bd1 Rab8 33.Ra3 Qe7 34.h3 Qf6 35.Ra4 Qe7 36.Ra1 Qc5
37.Kh2 g6 38.b3 Nb5 39.Qc1 Nd4 40.bxc4 Rxc4 41.Qa3 Qc7 42.Rb2 Rxb2 43.Qxb2 Rc6
44.Ba4 Rc4 45.Bd1 Kg7 46.Qd2 Qd8 47.Qd3 Rc6 48.Bb3 Qc7 49.Bd5 Rc2 50.Rb1 Qc5
51.Qe3 Rxg2+ 52.Kxg2 Qc2+ 53.Qf2 Qxb1 54.h4 gxh4 55.Qxh4 Ne2 56.Qf2 Nf4+
57.Kg3 Qa1  0-1

[Event "Elenite"]
[Site "Elenite"]
[Date "1994.??.??"]
[Round "4"]
[White "Greenfeld, Alon"]
[Black "Epishin, Vladimir"]
[Result "1/2-1/2"]
[WhiteElo "2600"]
[BlackElo "2650"]

1.d4 Nf6 2.Nf3 d5 3.c4 c6 4.Nc3 a6 5.c5 g6 6.Bf4 Bg7 7.h3 O-O 8.e3 Nbd7 9.Be2 Ne8
10.O-O Nc7 11.Qc2 Re8 12.Rad1 e5 13.Nxe5 Nxe5 14.Bxe5 Bxe5 15.dxe5 Rxe5 16.e4 Qe7
17.exd5 Bf5 18.Bd3  1/2-1/2

[Event "Elenite-B"]
[Site "Elenite"]
[Date "1994.??.??"]
[Round "5"]
[White "Shereshevski, Mikhail"]
[Black "Popchev, Milko"]
[Result "1/2-1/2"]
[WhiteElo "2470"]
[BlackElo "2450"]

1.d4 Nf6 2.c4 c6 3.Nc3 d5 4.Nf3 a6 5.c5 Nbd7 6.Bf4 Nh5 7.Bd2 e5 8.Nxe5 Nxe5
9.dxe5 Bxc5 10.e4 g6 11.exd5 cxd5 12.Qf3 Be6 13.g4 Ng7 14.Bg2 O-O 15.O-O Qh4
16.Nxd5 Bxd5 17.Qxd5 Rad8 18.Qxc5 Rxd2 19.Qb4 Rfd8 20.Qxb7 Qxg4 21.Qxa6 Ne6
22.Qb7 Nf4 23.Qf3 Qg5 24.Rae1 R8d3 25.Qa8+ Kg7 26.Kh1 Rxb2 27.a4 Ra3 28.Bf3 Qh4
29.Qc6 Ne6 30.Qe4 Qe7 31.Bd1 Rb4 32.Qc6 Qh4 33.Re3 Rxe3 34.fxe3 Rb2 35.Bc2 Qh3
36.Re1 Kh6 37.Rg1 Qxe3 38.Qe4 Qxe4+ 39.Bxe4 Ra2 40.Bc6 Nd4 41.Rc1 Nxc6 42.Rxc6 Rxa4
43.Rc7 Rf4 44.Kg2 g5 45.Re7 Kg6 46.e6 f5 47.Re8 Rg4+ 48.Kh1 Kf6 49.e7 f4
50.Rh8 Kxe7 51.Rxh7+ Kf6 52.Ra7 Kg6 53.Ra8 Rh4 54.Kg2 Rh7 55.h3 Re7 56.Rg8+ Kf5
57.Rf8+ Ke4 58.Kf2 Re6 59.Rg8 Re5 60.Ra8 Rc5 61.Re8+ Kd4 62.Rd8+ Rd5 63.Rf8 Rd6
64.h4 Ke4 65.Re8+ Kf5 66.hxg5  1/2-1/2

[Event "RUS-ch"]
[Site "Elista"]
[Date "1994.??.??"]
[Round "1"]
[White "Pushkov, Nikolai"]
[Black "Burmakin, Vladimir"]
[Result "1-0"]
[WhiteElo "2485"]
[BlackElo "2555"]

1.Nf3 d5 2.d4 c6 3.c4 Nf6 4.Nc3 a6 5.a4 e6 6.e3 Nbd7 7.Bd3 Bb4 8.O-O O-O
9.Qc2 Qe7 10.e4 dxc4 11.Bxc4 e5 12.d5 Nb6 13.Bb3 cxd5 14.exd5 Bg4 15.a5 Nbd7
16.Ng5 Rac8 17.Be3 Bh5 18.Rfc1 Qd8 19.Ne6 fxe6 20.dxe6 Kh8 21.exd7 Qxd7 22.h3 Bc5
23.Ba4 Qd8 24.Bxc5 Rxc5 25.Qb3 Qc7 26.Qb4 Rc8 27.Bb3 e4 28.Re1 Bg6 29.Rac1 Bh5
30.Be6 Re8 31.Nd5 Rxc1 32.Nxc7 Rxc7 33.Bc4 Bg6 34.b3 h6 35.Rd1 Bf7 36.Qb6 Rce7
37.Rd8 Bg6 38.Qd6 Kh7 39.Rxe8 Rxe8 40.Qc7 e3 41.fxe3 Be4 42.g4 Kh8 43.Kf2 Bh1
44.Ke2 Bg2 45.g5 hxg5 46.Qg3 Be4 47.Qxg5 Bh7 48.h4 Ne4 49.Qf4 Rd8 50.Qc7 Nc3+
51.Ke1 Rd1+ 52.Kf2 Rd2+ 53.Kg3 Ne4+ 54.Kf4 Rf2+ 55.Ke5 Rf8 56.Kd4 Bf5 57.Bd5 Re8
58.Qf4  1-0

[Event "RUS-ch"]
[Site "Elista"]
[Date "1994.??.??"]
[Round "2"]
[White "Sherbakov, Ruslan"]
[Black "Ivanov, Victor L"]
[Result "1/2-1/2"]
[WhiteElo "2510"]
[BlackElo "2385"]

1.Nf3 d5 2.d4 Nf6 3.c4 c6 4.Nc3 a6 5.c5 Nbd7 6.Bf4 Nh5 7.Bd2 g6 8.e4 dxe4
9.Nxe4 Ndf6 10.Nc3 Bg4 11.Be3 Ng7 12.Bc4 Be6 13.Be2 Nf5 14.Bf4 Nd5 15.Be5 f6
16.Bg3 h5 17.Bd3 Nb4 18.Bxf5 Bxf5 19.O-O g5 20.h4 g4 21.Ne1  1/2-1/2

[Event "RUS-ch"]
[Site "Elista"]
[Date "1994.??.??"]
[Round "9"]
[White "Tregubov, Pavel V"]
[Black "Bezgodov, Alexei"]
[Result "0-1"]
[WhiteElo "2545"]
[BlackElo "2440"]

1.d4 d5 2.c4 c6 3.Nf3 Nf6 4.Nc3 a6 5.e3 b5 6.b3 g6 7.Bd3 Bg7 8.h3 O-O 9.O-O Bf5
10.Qc2 Bxd3 11.Qxd3 Nbd7 12.Rd1 Re8 13.Ne5 Nxe5 14.dxe5 Ne4 15.f4 Nxc3 16.Qxc3 e6
17.e4 Rc8 18.Be3 Qh4 19.Rac1 dxc4 20.bxc4 g5 21.cxb5 axb5 22.Rf1 h6 23.Rf3 gxf4
24.Bc5 Red8 25.Qb4 Bxe5 26.Be7 c5 27.Bxh4 cxb4 28.Rb1 Rd4 29.Rfb3 Rc2 30.g3 Rdd2
31.gxf4 Bd4+  0-1

[Event "RUS-ch"]
[Site "Elista"]
[Date "1994.??.??"]
[Round "10"]
[White "Kiselev, Sergey"]
[Black "Makarov, Marat"]
[Result "1/2-1/2"]
[WhiteElo "2460"]
[BlackElo "2525"]

1.d4 d5 2.c4 c6 3.Nf3 Nf6 4.Nc3 a6 5.e3 b5 6.b3 Bg4 7.Be2 e6 8.O-O Nbd7 9.Bb2 Bd6
10.h3 Bh5 11.Ne5 Bxe2 12.Nxe2 Rc8 13.Qd3 O-O 14.Rfc1 Ne4 15.cxd5 cxd5 16.Rxc8 Qxc8
17.Rc1 Qb7 18.Qc2 Nb6 19.Nf4 Rc8 20.Qd1 b4 21.f3 Nf6 22.Nfd3 Nfd7 23.Kf2 f6
24.Nxd7 Nxd7 25.Rxc8+ Qxc8 26.e4 a5 27.e5 Be7 28.f4 fxe5 29.fxe5 Bg5 30.g3 Qf8+
31.Kg2 Qf5 32.Qe2 h5 33.a3 Be7 34.axb4 axb4 35.g4 hxg4 36.hxg4 Qg6 37.Nf4 Qf7
38.Nxd5  1/2-1/2

[Event "RUS-ch"]
[Site "Elista"]
[Date "1994.??.??"]
[Round "11"]
[White "Tregubov, Pavel V"]
[Black "Ivanov, Victor L"]
[Result "1/2-1/2"]
[WhiteElo "2545"]
[BlackElo "2385"]

1.d4 d5 2.c4 c6 3.Nf3 Nf6 4.Nc3 a6 5.c5 Nbd7 6.Bf4 Nh5 7.e3 Nxf4 8.exf4 g6
9.Bd3 Bg7 10.Ne5 Qc7 11.h4 f6 12.Nxd7 Bxd7 13.f5 Qf4 14.fxg6 Qxd4 15.gxh7 Qxc5
16.Bg6+ Kd8 17.Qd2 f5 18.Rc1 Qd4 19.Qxd4 Bxd4 20.Rh3 e6 21.Ne2 Be5 22.Re3 Bg7
23.Rd1 Kc7 24.Nd4 Kd6 25.f4 b5 26.Re2 Bxd4 27.Rxd4 c5 28.Rd3 c4 29.Rg3 b4
30.Re5 a5 31.Kd2 d4 32.b3 c3+ 33.Kc1 a4 34.Rd3 axb3 35.Rxd4+ Ke7 36.axb3 Ra1+
37.Kc2 Ra2+ 38.Kd3 Rxg2 39.Bxf5 Rg3+ 40.Kc4 c2 41.Bxc2 Rc3+ 42.Kxb4 Rxc2
43.f5 Rc6 44.fxe6 Bxe6 45.Kb5 Rc3 46.b4  1/2-1/2

[Event "FIN-chT"]
[Site "?"]
[Date "1994.??.??"]
[Round "?"]
[White "Veingold, Aleksandr"]
[Black "Pulkkinen, Kari"]
[Result "1/2-1/2"]
[WhiteElo "2465"]
[BlackElo "2360"]

1.d4 d5 2.Nf3 Nf6 3.c4 c6 4.Nc3 a6 5.c5 g6 6.Na4 Nbd7 7.g3 Bg7 8.Bg2 O-O
9.O-O Ne4 10.Ng5 Nxg5 11.Bxg5 f6 12.Be3 e5 13.Qd2 Re8 14.Rad1 Qe7 15.Rfe1 Nf8
16.dxe5 fxe5 17.Bg5 Qf7 18.e4 d4 19.Nb6 Rb8 20.Nxc8 Rbxc8 21.Qa5 Ne6 22.Bc1 Bf8
23.b4 Be7 24.Qa4 Bg5 25.Qb3 Bxc1 26.Rxc1 Rcd8 27.Rcd1 Kg7 28.h4 Rf8 29.Rf1 Nc7
30.Qxf7+ Rxf7 31.Rd3 Nb5 32.a4 Nc3 33.a5 h6 34.Re1 Rdf8 35.Rd2 h5 36.Bh3 Kh6
37.Kg2 Rd8 38.Rd3 Rf6 39.f3 Rdf8 40.Bd7 Rd8 41.Bh3 Rf7  1/2-1/2

[Event "Frydek-Mistek op"]
[Site "Frydek-Mistek"]
[Date "1994.??.??"]
[Round "?"]
[White "Stocek, Jiri"]
[Black "Berezjuk, Sergej"]
[Result "1-0"]
[WhiteElo "2350"]
[BlackElo "2375"]

1.d4 d5 2.c4 c6 3.Nc3 Nf6 4.Nf3 a6 5.c5 g6 6.h3 Bg7 7.Bf4 O-O 8.e3 Nbd7 9.Bd3 b6
10.cxb6 Qxb6 11.O-O c5 12.Na4 Qa5 13.dxc5 Nxc5 14.Nxc5 Qxc5 15.Qb3 a5 16.a4 Ba6
17.Rfc1 Qb4 18.Qxb4 axb4 19.Bxa6 Rxa6 20.Be5 Rfa8 21.b3 Bf8 22.Bxf6 Rxf6
23.Rc7 Rfa6 24.Rb7 e6 25.Rc1 R8a7 26.Rxa7 Rxa7 27.Rc6 Kg7 28.Kf1 Kf6 29.Nd4 Be7
30.Nb5 Ra5 31.Ke2 h5 32.Kd2 Bd8 33.Rc8 Bb6 34.Rb8 Ra6 35.Rb7 e5 36.Nd6 Bxe3+
37.fxe3 Rxd6 38.Rxb4 Ke6 39.a5 Ra6 40.Rb5 Kd6 41.b4 Kc6 42.Rc5+ Kd6 43.Rc2 Ra8
44.h4 Rb8 45.Rb2 Kc6 46.Kc3 Kb5 47.Kb3 Rd8 48.Rc2 d4 49.Rc5+ Ka6 50.exd4 exd4
51.Rc6+ Kb7 52.Rf6 d3 53.Rxf7+ Kc6 54.Rf6+ Kd5 55.Kc3 d2 56.Rf1 Ke4 57.Kc2 Ke3
58.Kd1 Kd3 59.b5 Rd5 60.a6 Rxb5 61.Rf3+ Ke4 62.Ra3 Rb8 63.a7 Ra8 64.Kxd2 Kf4
65.Ke2 Kg4 66.g3 g5 67.hxg5 Kxg5 68.Ke3 Kg4 69.Kd4 Kh3 70.Kc5 Rxa7 71.Rxa7 Kxg3
72.Rg7+ Kf3 73.Rh7 Kg4 74.Kd4 h4 75.Ke3  1-0

[Event "BL2-N9394"]
[Site "Germany"]
[Date "1994.??.??"]
[Round "?"]
[White "Lagunow, Alexander"]
[Black "Borik, Otto"]
[Result "0-1"]
[WhiteElo "2405"]
[BlackElo "2415"]

1.d4 Nf6 2.Nf3 d5 3.c4 c6 4.Nc3 a6 5.c5 Nbd7 6.Bf4 g6 7.h3 Bg7 8.e3 Ne4 9.Nxe4 dxe4
10.Ng5 e5 11.dxe5 Qa5+ 12.Qd2 Qxd2+ 13.Kxd2 Nxc5 14.Rc1 Bf8 15.Bc4 Be6 16.Bxe6 fxe6
17.Rc4 Rd8+ 18.Ke2 Rd5 19.b4 h6 20.Nxe4 Nxe4 21.Rxe4 Rh7 22.Rc1 Rhd7 23.Rc2 Rd1
24.Rec4 g5 25.Bg3 Rb1 26.a3 Rdd1 27.f4 Rg1 28.Kf3 Be7 29.Bf2 Rgf1 30.R4c3 Rh1
31.Kg4 Rbd1 32.Kh5 Kf7 33.Bg3 Rhf1 34.Kxh6 Rd8 35.Kh7 g4 36.Rf2 Rxf2 37.Bxf2 Rd2
38.Be1 Rxg2 39.e4 Rh2 40.Kh6 Rxh3+ 41.Rxh3 gxh3 42.Bg3 c5  0-1

[Event "BL2-O9394"]
[Site "Germany"]
[Date "1994.??.??"]
[Round "?"]
[White "Mirschinka, Dirk"]
[Black "Kuraszkiewicz, Michael"]
[Result "0-1"]
[WhiteElo "2270"]
[BlackElo "2325"]

1.d4 Nf6 2.c4 c6 3.Nc3 d5 4.Nf3 a6 5.a4 g6 6.e3 Bg7 7.Qb3 O-O 8.a5 Ne4 9.cxd5 Nxc3
10.bxc3 cxd5 11.c4 dxc4 12.Bxc4 Nc6 13.Bd2 e5 14.dxe5 Bg4 15.Ra4 Bxf3 16.gxf3 Nxe5
17.Bd5 Qd7 18.Rb4 Rad8 19.e4 Qh3 20.Ke2 Rfe8 21.f4 Qg4+ 22.Kf1 Rxd5 23.exd5 Nf3
24.Be3 Qh3+ 25.Ke2 Nd4+ 26.Rxd4 Bxd4 27.Rd1 Bxe3 28.fxe3 Qxh2+ 29.Kd3 Rxe3+  0-1

[Event "BL2-S9394"]
[Site "Germany"]
[Date "1994.??.??"]
[Round "?"]
[White "Biebinger, Gerhard"]
[Black "Schmitt, Christian"]
[Result "1-0"]
[WhiteElo "2310"]
[BlackElo "2220"]

1.d4 d5 2.c4 c6 3.Nf3 Nf6 4.Nc3 a6 5.g3 dxc4 6.a4 e6 7.Ne5 c5 8.dxc5 Qxd1+
9.Nxd1 Bxc5 10.Bg2 O-O 11.O-O Nd5 12.Ne3 Nxe3 13.Bxe3 Bxe3 14.fxe3 f6 15.Nxc4 Nd7
16.Rfd1 Rb8 17.a5 b5 18.Nd6 Ne5 19.Nxc8 Rfxc8 20.Rd6 Rc2 21.Rxa6 Rxb2 22.Rxe6 Rxe2
23.Bd5 Kf8 24.a6  1-0

[Event "Oberliga Nord W9394"]
[Site "Germany"]
[Date "1994.??.??"]
[Round "?"]
[White "Kiese, Matthias"]
[Black "Maier, Martin"]
[Result "1/2-1/2"]
[WhiteElo "2135"]
[BlackElo "2225"]

1.d4 Nf6 2.c4 c6 3.Nc3 d5 4.Nf3 a6 5.cxd5 cxd5 6.Bf4 Nc6 7.e3 Bg4 8.Be2 e6
9.O-O Bd6 10.Ne5 Bxe2 11.Nxc6 Bxd1 12.Nxd8 Rxd8 13.Bxd6 Rxd6 14.Rfxd1 Kd7
15.Na4 b6 16.Rdc1 Rc8 17.Rxc8 Kxc8 18.Rc1+  1/2-1/2

[Event "Oberliga Nord W9394"]
[Site "Germany"]
[Date "1994.??.??"]
[Round "?"]
[White "Blecken, Volker"]
[Black "Liebau, Andreas"]
[Result "1-0"]
[WhiteElo "2215"]
[BlackElo "2220"]

1.d4 d5 2.c4 c6 3.Nf3 Nf6 4.Nc3 a6 5.g3 dxc4 6.Bg2 b5 7.Ne5 Bb7 8.a4 Nd5
9.O-O e6 10.e4 Nxc3 11.bxc3 Nd7 12.f4 Qc7 13.Be3 h5 14.h3 Be7 15.Qe2 Nf6
16.f5 exf5 17.Bf4 Bd6 18.Nxf7 Kxf7 19.e5 Nd5 20.Bxd5+ cxd5 21.exd6 Qd7 22.Rae1 Rae8
23.Be5 g6 24.axb5 axb5 25.Qd2 Rh7 26.Qg5 Re6 27.Re2 Bc8 28.Ra2 Rxd6 29.Bxd6 Qxd6
30.Re1 Bd7 31.Ra7 Rh8 32.Qf4 Qc6 33.Rc7  1-0

[Event "NRW-Liga II 9394"]
[Site "Germany"]
[Date "1994.??.??"]
[Round "?"]
[White "Werbeck, Torsten"]
[Black "Lehmann, Holger"]
[Result "1/2-1/2"]
[WhiteElo "2265"]
[BlackElo "2105"]

1.d4 d5 2.Nf3 c6 3.c4 Nf6 4.Nc3 a6 5.cxd5 cxd5 6.Bf4 Nc6 7.e3 Bf5 8.Bd3 Bxd3
9.Qxd3 e6 10.h3 Bd6 11.Bxd6 Qxd6 12.O-O O-O  1/2-1/2

[Event "NRW-Liga II 9394"]
[Site "Germany"]
[Date "1994.??.??"]
[Round "?"]
[White "Schoen, Wolfram"]
[Black "Pieper Emden, Carsten"]
[Result "1/2-1/2"]
[WhiteElo "2390"]
[BlackElo "2365"]

1.d4 d5 2.c4 c6 3.Nf3 Nf6 4.Nc3 a6 5.c5 Bf5 6.Qb3 Ra7 7.Bf4 Nbd7 8.e3 Nh5
9.Be2 Nxf4 10.exf4 e6 11.Ne5 Nxe5 12.fxe5 Be7 13.O-O O-O 14.f4 f6 15.Na4 Be4
16.Nb6 Kh8 17.Bd3 Bxd3 18.Qxd3 f5 19.Rf3 Rf7 20.Kh1 Qb8 21.Rg1 Bd8 22.g4 Bxb6
23.cxb6 Ra8 24.Rh3 Qg8 25.Rh5 Raf8 26.g5 g6 27.Rh3 Rc8 28.Qa3 Kg7 29.Qc5 Qf8
30.Rc1 Ra8 31.b4 Qd8 32.Rcc3 a5 33.bxa5 Qe7 34.Kg1 Ra6 35.Qxe7 Rxe7 36.Rc5 Kf8
37.Kf2 Kg7 38.Ke1 Re8 39.Kd1 Rea8 40.Ra3 h5 41.gxh6+ Kxh6 42.Kc1 Kg7 43.Kb2 Rh8
44.Rc2 Rha8 45.Kb3 Rxa5 46.Rxa5 Rxa5 47.a4 Ra6 48.Kb4 Rxb6+ 49.Kc5 Rb3 50.Kd6 Kf7
51.a5 Rb4 52.a6 bxa6 53.Rxc6 g5 54.fxg5 Rxd4 55.Rxa6 Rh4 56.Ra7+ Kg6 57.Kxe6 Rxh2
58.Kxd5 Rd2+ 59.Ke6 f4  1/2-1/2